01505nam a22003137a 4500999001500000003000900015008004100024040007100065082001900136100003600155245005100191260004200242300003100284440002400315505017800339650004100517650001900558650004200577650004000619650004400659700004600703700004400749700005200793942001600845945000900861952009900870952011100969952011101080 c3131d3131AR-CdUCM190306b ||||| |||| 00| 0 spa d aMUNICIPALIDAD PROVINCIAL DEL CUSCOcBIBLIOTECA MUNICIPAL DEL CUSCO a848.43 /2M81 aMoliere, Jean Baptiste Poquelin aEl enfermo Imaginario. El médico a palos /  aEspaña : bSalvat Editores, c1969. a187 páginas ; c17.5 cm. aLibro RTVn8910558 aContenido: El enfermo imaginario: comedia con intermedios musicales y danzas (17 - 134 páginas) El médico a palos: comedia en tres actos, en prosa (135 - 187 páginas). aTeatro francés - Siglo XVII910559 aMoliere910560 aEl enfermo imaginario - Teatro910561 aEl médico a palos - Teatro910562 aLiteratura Francesa - Clásicos910563 aLoéz Sancho, Lorenzo (Prólogo)910564 aRaurell Millás, J. (Traductor)910565 aFernández de Moratín, L. (Traductor)910566 2ddccLIBROS apjha 002ddc4070aSHbSHcCARTd2019-03-06g20.00o848.43 / M81pSH0000003557r2019-03-06yLIBROS 002ddc4070aSHbSHcCARTd2019-03-13g20.00o848.43 / M81 / e.2pSH0000006694r2019-03-13t2ej.yLIBROS 002ddc4070aSHbSHcCARTd2019-03-13g20.00o848.43 / M81 / e.3pSH0000006696r2019-03-13t3ej.yLIBROS